000 00741nam a22001817a 4500
005 20120413104513.0
020 _a0070606315
_c00.00
035 _aB-189967
037 _aDPL
_bENG
100 _aHughes, Richard L.
_945022
245 _aLeadership :
_bEnhancing the lessons of experience /
_cby Richard L. Hughes, Robert C. Ginnett and Gordon J. Curphy
260 _aNew Delhi
_bTata McGraw-Hill Publishing
_c2006
300 _axvi, 592p.
_c24 cms.
700 _aGinnett, Robert C.
_945023
700 _aCurphy, Gordon J.
_945024
942 _2ddc
_cEN
_h303.34
_mHUG
999 _c64937
_d64937